Tržní ceny v nákladní přepravě.
Charakteristika trhovej ceny v doprave a jej vplyv na tarifné sadzby. Zvyšovanie významu prepravných nákladov pre výrobcov a spotrebiteľov. Vysoká investičná a kapitálová náročnosť železničnej dopravy z dôvodov rozsiahleho fondu infraštruktúry. Pri cenotvorbe sa prihliada na hodnotu prepravnej služb...
Gespeichert in:
| 1. Verfasser: | |
|---|---|
| Format: | Buchkapitel |
| Sprache: | Tschechisch |
| Schlagworte: | |
| Tags: |
Keine Tags, Fügen Sie das erste Tag hinzu!
|
MARC
| LEADER | 00000naa a2200000 4500 | ||
|---|---|---|---|
| 001 | r005483 | ||
| 005 | 20221125075606.6 | ||
| 041 | 0 | |a cze | |
| 044 | |a [CS] | ||
| 245 | 1 | 0 | |a Tržní ceny v nákladní přepravě. |c J. Šindelář |
| 520 | |a Charakteristika trhovej ceny v doprave a jej vplyv na tarifné sadzby. Zvyšovanie významu prepravných nákladov pre výrobcov a spotrebiteľov. Vysoká investičná a kapitálová náročnosť železničnej dopravy z dôvodov rozsiahleho fondu infraštruktúry. Pri cenotvorbe sa prihliada na hodnotu prepravnej služby, ktorá vyjadruje vplyv dopytu na výšku ceny. Vzťah medzi využitím kapacít a ziskom. | ||
| 610 | 2 | 0 | |a doprava železničná |
| 610 | 2 | 0 | |a ceny trhové |
| 610 | 2 | 0 | |a tvorba cien |
| 610 | 2 | 0 | |a doprava nákladná |
| 610 | 2 | 0 | |a tarify dopravné |
| 610 | 2 | 0 | |a náklady dopravné |
| 610 | 2 | 0 | |a infraštruktúra |
| 610 | 2 | 0 | |a zisk |
| 610 | 2 | 0 | |a kapacita prepravná |
| 610 | 2 | 0 | |a ČSFR |
| 100 | 1 | |a Šindelář, J. | |